[Event "Challenge"]
[Site "http://www.queenalice.com/game.php?id=1169424"]
[Date "2013.4.8"]
[Round "-"]
[White "soudeDeus"]
[Black "italomachado"]
[Result "1-0"]
[WhiteElo "1578"]
[BlackElo "1616"]

1. b3 e5 2. Bb2 Qf6 3. g3 Bc5 4. f4 d6 5. Bg2 c6 6. a3 g5 7. e3 Nh6 8. fxe5 dxe5
9. h3 g4 10. hxg4 Nxg4 11. Bf3 Nh6 12. b4 e4 13. Bxf6 Rg8 14. Bxe4 Bd6 15. Bxh7
Rxg3 16. Kf2 Ng4+ 17. Kf1 b6 18. Bh4 Ba6+ 19. Ke1 Rg2 20. Be4 Bg3+ 21. Bxg3 Rxg3
22. Nc3 Ne5 23. Qh5 Ng4 24. Qh4 Ne5 25. Qxg3 Ke7 26. Qxe5+ Kd7 27. Bf5+ Kd8 28.
Rh8# 1-0

[Event "Challenge"]
[Site "http://www.queenalice.com/game.php?id=1172770"]
[Date "2013.4.18"]
[Round "-"]
[White "soudeDeus"]
[Black "italomachado"]
[Result "1-0"]
[WhiteElo "1568"]
[BlackElo "1535"]

1. b3 e5 2. Bb2 Qf6 3. g3 Bc5 4. f4 Qb6 5. e3 Qc6 6. Nf3 d6 7. Bg2 Be6 8. Rg1 e4
9. Ng5 d5 10. Bxg7 f6 11. Nxe6 Qxe6 12. Bxh8 Nc6 13. a3 Qf7 14. Qg4 Nh6 15. Qg7
Qe6 16. Qxh6 Qe7 17. Qxf6 Qd7 18. Bg7 Be7 19. Qc3 O-O-O 20. d3 exd3 21. cxd3 d4
22. exd4 Qe6+ 23. Kd1 Nxd4 24. Bxd4 Qg4+ 25. Kc2 c5 26. Bxc5 Bxc5 27. Qxc5+ Kb8
28. Nd2 Rc8 29. Bf3 Rxc5+ 30. Nc4 Qxf3 31. Rgf1 Qg2+ 32. Kc3 Qxh2 33. Kb4 b6 34.
Rae1 a5+ 35. Kc3 Qh5 36. b4 b5 37. bxc5 bxc4 38. Kxc4 Qf7+ 39. Kb5 Kb7 40. Kxa5
Qb3 41. Rb1 Qxb1 42. Rxb1+ Kc6 43. d4 h5 44. f5 Kd7 45. f6 Ke6 46. Rf1 Kf7 47.
c6 h4 48. gxh4 Kf8 49. c7 Kf7 50. c8=Q Kg6 51. Qg8+ Kh5 52. Qg5# 1-0

[Event "Challenge"]
[Site "http://www.queenalice.com/game.php?id=1172962"]
[Date "2013.4.18"]
[Round "-"]
[White "soudeDeus"]
[Black "heberesteves"]
[Result "0-1"]
[WhiteElo "1583"]
[BlackElo "1602"]

1. b3 e5 2. Bb2 Nc6 3. g3 d5 4. a3 d4 5. d3 Nf6 6. h3 b5 7. Bg2 Bb7 8. e3 Be7 9.
Ne2 O-O 10. Nd2 a5 11. Rg1 dxe3 12. fxe3 b4 13. Ne4 Qd7 14. g4 Nxe4 15. Bxe4
Bh4+ 16. Kd2 Rab8 17. Bxc6 Bxc6 18. Bxe5 f6 19. Bb2 Bf3 20. Rb1 Qe7 21. e4 Qd6
22. Ra1 f5 23. Qf1 Qh6+ 24. Kd1 Qe3 25. Bc1 Bxe2+ 26. Qxe2 Qxg1+ 27. Kd2 Bg5+
28. Qe3 Qxe3+ 29. Kd1 Qf3+ 30. Ke1 Bh4+ 31. Kd2 Qf2+ 32. Kd1 Qe1# 0-1

[Event ":))"]
[Site "http://www.queenalice.com/game.php?id=1174163"]
[Date "2013.4.22"]
[Round "-"]
[White "Mr_SPOCK"]
[Black "soudeDeus"]
[Result "1-0"]
[WhiteElo "1656"]
[BlackElo "1571"]

1. e4 b6 2. e5 e6 3. d4 Bb7 4. Nf3 g6 5. Nc3 a6 6. Bg5 f6 7. exf6 Nxf6 8. Ne5 d6
9. Ng4 Bg7 10. Bd3 Rg8 11. Qe2 Qe7 12. O-O-O Nbd7 13. f3 c5 14. Be4 d5 15. dxc5
dxe4 16. fxe4 bxc5 17. Rhe1 Rb8 18. e5 h6 19. Rd3 hxg5 20. exf6 Bxf6 21. Nxf6+
Nxf6 22. h4 gxh4 23. Re3 Kf7 24. Qc4 1-0

[Event ":(("]
[Site "http://www.queenalice.com/game.php?id=1174432"]
[Date "2013.4.23"]
[Round "-"]
[White "soudeDeus"]
[Black "Mr_SPOCK"]
[Result "0-1"]
[WhiteElo "1558"]
[BlackElo "1669"]

1. b3 e5 2. Bb2 e4 3. e3 d5 4. g3 Nf6 5. h3 Nc6 6. a3 Bd6 7. Bg2 O-O 8. g4 b5 9.
b4 a5 10. c3 Bb7 11. Ne2 axb4 12. cxb4 Ne7 13. Nbc3 c5 14. Nxb5 cxb4 15. Ned4
Bc6 16. f4 exf3 17. Bxf3 Bg3+ 18. Ke2 Qb8 19. a4 Qb6 20. Qg1 Bh4 21. d3 Nd7 22.
e4 dxe4 0-1

[Event "Challenge"]
[Site "http://www.queenalice.com/game.php?id=1174926"]
[Date "2013.4.24"]
[Round "-"]
[White "soudeDeus"]
[Black "pj"]
[Result "1/2-1/2"]
[WhiteElo "1557"]
[BlackElo "1538"]

1. b3 e5 2. Bb2 e4 3. e3 f5 4. g3 c5 5. Bg2 d5 6. a3 h5 7. h3 a5 8. Ne2 Rh6 9.
Nf4 Ne7 10. d3 g5 11. Ne2 Rd6 12. Nbc3 exd3 13. cxd3 d4 14. exd4 cxd4 15. Nb5
Rb6 16. Nexd4 Nbc6 17. Nxc6 bxc6 18. Nc3 h4 19. b4 hxg3 20. fxg3 axb4 21. axb4
Rxa1 22. Bxa1 Rxb4 23. Rf1 Qd6 24. g4 Qg3+ 25. Rf2 Qe3+ 26. Qe2 Qc1+ 27. Qd1
Qxd1+ 28. Nxd1 Rb1 29. Bf6 Nd5 30. Bxg5 fxg4 31. hxg4 Nc3 32. Rd2 Bxg4 33. Kf2
Nxd1+ 34. Kg3 Bd7 35. Re2+ Kf7 36. Bf3 Nc3 37. Re5 Bd6 38. Bh5+ Kg7 39. Bf4 Kf6
40. Re3 Bxf4+ 41. Kxf4 Nd5+ 42. Ke4 Rb4+ 43. Kf3 Rf4+ 44. Kg3 Kg5 45. Bd1 Nxe3
46. Be2 Nf5+ 47. Kg2 Ne3+ 48. Kg1 Bh3 49. Kh2 Kh4 50. d4 Rf2+ 51. Kg1 Kg3 52.
Ba6 Bf1 53. Kh1 Bg2+ 54. Kg1 Rf1+ 55. Bxf1 Nxf1 56. d5 cxd5 1/2-1/2

[Event "AUTO-INT-2640"]
[Site "http://www.queenalice.com/game.php?id=1183580"]
[Date "2013.5.22"]
[Round "1"]
[White "soudeDeus"]
[Black "Jomaley"]
[Result "1-0"]
[WhiteElo "1533"]
[BlackElo "1438"]

1. b3 b5 2. g3 d5 3. Bg2 c6 4. Bb2 Qa5 5. a3 b4 6. e3 bxa3 7. Rxa3 Qc5 8. Ne2 e5
9. d4 exd4 10. exd4 Qd6 11. h3 Qb4+ 12. Qd2 Qxd2+ 13. Nxd2 Bb4 14. Ra4 a5 15.
Nf4 Bxd2+ 16. Kxd2 Ne7 17. Re1 Bf5 18. g4 Bd7 19. b4 Na6 20. bxa5 c5 21. Ra3
cxd4 22. Bxd4 O-O 23. Bxd5 Nxd5 24. Nxd5 Rad8 25. c4 g6 26. Ne7# 1-0

[Event "AUTO-INT-2640"]
[Site "http://www.queenalice.com/game.php?id=1183581"]
[Date "2013.5.22"]
[Round "1"]
[White "Jomaley"]
[Black "soudeDeus"]
[Result "0-1"]
[WhiteElo "1442"]
[BlackElo "1545"]

1. e4 b6 2. b3 Bb7 3. Bd3 g6 4. Nf3 Bg7 5. c3 h6 6. h4 a6 7. h5 d6 8. b4 Nd7 9.
Na3 b5 10. c4 c6 11. cxb5 axb5 12. Nc2 Bxa1 13. Nxa1 Rxa2 14. Nc2 Ngf6 15. hxg6
fxg6 16. Nfd4 e5 17. Ne2 Qb6 18. O-O g5 19. Ng3 Ke7 20. Qf3 d5 21. exd5 cxd5 22.
Nf5+ Kf7 23. g4 e4 24. Bxe4 dxe4 25. Qb3+ Bd5 26. Qc3 Rha8 27. Nxh6+ Kg6 28. Nf5
Nxg4 29. Nce3 Nxe3 30. Nxe3 Nf6 31. Qe5 Rd8 32. Qf5+ Kf7 33. Qxg5 Qc6 34. Kh1
Ra1 35. Rg1 Rxc1 36. Qf4 Rh8+ 37. Kg2 Rxg1+ 38. Kxg1 Qc1+ 39. Kg2 Qh1+ 40. Kg3
Qh3# 0-1

[Event "AUTO-INT-2640"]
[Site "http://www.queenalice.com/game.php?id=1183584"]
[Date "2013.5.22"]
[Round "1"]
[White "soudeDeus"]
[Black "Antoniel_Barbosa"]
[Result "0-1"]
[WhiteElo "1546"]
[BlackElo "1777"]

1. b3 Nc6 2. Bb2 d5 3. g3 e5 4. Bg2 e4 5. e3 Nf6 6. h3 d4 7. d3 exd3 8. cxd3
Bb4+ 9. Ke2 Ne5 10. Nf3 dxe3 11. fxe3 Nxf3 12. Bxf3 Bf5 13. g4 Bxd3+ 14. Qxd3
Qxd3+ 15. Kxd3 O-O-O+ 16. Ke2 Rhe8 17. a3 Bc5 18. Kf1 Rxe3 19. Bg2 Rd1+ 20. Kf2
Ree1+ 21. Kg3 Rxh1 22. Bxh1 Rxh1 23. b4 Ne4+ 24. Kg2 Rg1+ 25. Kf3 Ng5+ 26. Ke2
Rg2+ 27. Kf1 Rxb2 28. bxc5 Ne4 29. Ke1 Rh2 30. Kd1 Rxh3 31. Nd2 Rh1+ 32. Kc2
Rxa1 33. Nxe4 Rxa3 34. Ng5 Ra2+ 35. Kb3 Ra5 36. Kb4 Ra1 37. Nxf7 a5+ 38. Kc4
Ra4+ 39. Kb5 Rxg4 40. c6 h5 41. Ne5 Rg5 0-1

[Event "AUTO-INT-2640"]
[Site "http://www.queenalice.com/game.php?id=1183585"]
[Date "2013.5.22"]
[Round "1"]
[White "Antoniel_Barbosa"]
[Black "soudeDeus"]
[Result "1-0"]
[WhiteElo "1784"]
[BlackElo "1539"]

1. Nf3 b6 2. g3 Bb7 3. Nc3 g6 4. e4 Bg7 5. d4 a6 6. d5 d6 7. Ng5 h6 8. Nh3 Nd7
9. Nf4 e5 10. Nd3 Rb8 11. Be3 Ne7 12. Qg4 g5 13. h4 f6 14. hxg5 fxg5 15. Bxg5
hxg5 16. Rxh8+ Bxh8 17. Qh5+ Kf8 18. Qxh8+ Ng8 19. Bh3 Qe7 20. Be6 Qg7 21. Qh5
Ndf6 22. Qf3 b5 23. O-O-O c6 24. Bxg8 Kxg8 25. Ne2 cxd5 26. exd5 Bxd5 27. Qe3
Qc7 28. Nb4 Qb7 29. Nxd5 Nxd5 30. Qxg5+ Kf8 31. Qh6+ Qg7 32. Qxd6+ Ne7 33. Qxb8+
Kf7 34. Qb7 Qf6 35. f4 exf4 36. Nxf4 Kg7 37. Nh5+ Kg6 38. Nf4+ Kg5 39. Nh3+ Kg4
40. Qe4+ 1-0

[Event "Challenge"]
[Site "http://www.queenalice.com/game.php?id=1186544"]
[Date "2013.5.31"]
[Round "-"]
[White "soudeDeus"]
[Black "SGF"]
[Result "0-1"]
[WhiteElo "1583"]
[BlackElo "1689"]

1. b3 e5 2. Bb2 Qf6 3. g3 Bc5 4. f4 Bd4 5. c3 Bxg1 6. Rxg1 exf4 7. Qc1 fxg3 8.
hxg3 Qb6 9. e3 Nf6 10. Bg2 O-O 11. d4 Re8 12. Na3 Ng4 13. Rh1 Rxe3+ 14. Kf1 Rxg3
15. Qf4 Ne3+ 16. Kf2 Rxg2+ 17. Kxe3 Qe6+ 18. Qe4 Re2+ 19. Kxe2 Qxe4+ 20. Kf2 d5
21. Rae1 Qf4+ 22. Ke2 Bg4+ 0-1

[Event "AUTO-INT-2844"]
[Site "http://www.queenalice.com/game.php?id=1276219"]
[Date "2014.4.26"]
[Round "1"]
[White "kanibal"]
[Black "soudeDeus"]
[Result "1-0"]
[WhiteElo "1664"]
[BlackElo "1487"]

1. d4 b6 2. e4 Bb7 3. e5 e6 4. Nf3 g6 5. Bd3 h6 6. O-O Bg7 7. c3 a6 8. Na3 Ne7
9. Nc4 d5 10. Ne3 b5 11. Qb3 Nbc6 12. Ng4 Na5 13. Qb4 Nac6 14. Qb3 Rb8 15. Nf6+
Bxf6 16. exf6 Nf5 17. Bxf5 1-0

[Event "AUTO-INT-2844"]
[Site "http://www.queenalice.com/game.php?id=1276220"]
[Date "2014.4.26"]
[Round "1"]
[White "soudeDeus"]
[Black "kanibal"]
[Result "0-1"]
[WhiteElo "1497"]
[BlackElo "1639"]

1. g3 e5 2. Bg2 d5 3. b3 Nc6 4. a3 Nf6 5. h3 e4 6. e3 Bd6 7. Bb2 O-O 8. d3 Qd7
9. Nd2 exd3 10. cxd3 Na5 11. Qc2 Qf5 12. f4 Nh5 13. Nf1 Qg6 14. Bxd5 Nxg3 15.
Nxg3 Qxg3+ 16. Kf1 Qxe3 17. Qe2 Qxf4+ 0-1

[Event "AUTO-INT-2844"]
[Site "http://www.queenalice.com/game.php?id=1276233"]
[Date "2014.4.26"]
[Round "1"]
[White "TheOperator"]
[Black "soudeDeus"]
[Result "1-0"]
[WhiteElo "1515"]
[BlackElo "1547"]

1. d4 b6 2. Nc3 Bb7 3. e4 d6 4. d5 g6 5. Bd3 Bg7 6. Nge2 a6 7. Bd2 h6 8. Ng3 e6
9. Qe2 Ne7 10. O-O Nd7 11. Qg4 f5 12. Qe2 Rg8 13. Na4 exd5 14. exd5 Bxd5 15. c4
Bc6 16. b3 Bxa1 17. Rxa1 h5 18. Bg5 Rg7 19. h4 1-0

[Event "AUTO-INT-2844"]
[Site "http://www.queenalice.com/game.php?id=1276234"]
[Date "2014.4.26"]
[Round "1"]
[White "soudeDeus"]
[Black "TheOperator"]
[Result "0-1"]
[WhiteElo "1566"]
[BlackElo "1496"]

1. b3 e5 2. Bb2 d6 3. g3 Nc6 4. Bg2 Nf6 5. h3 Be6 6. a3 d5 7. d3 Bd6 8. e3 e4 9.
Nd2 exd3 10. cxd3 O-O 11. Ne2 Ne5 12. Qc2 c5 13. b4 c4 14. dxc4 Nxc4 15. Nxc4
Be7 16. Ne5 Rc8 17. Qd3 a6 18. g4 Nd7 19. Nxd7 Qxd7 0-1

[Event "AUTO-INT-2844"]
[Site "http://www.queenalice.com/game.php?id=1276243"]
[Date "2014.4.26"]
[Round "1"]
[White "soudeDeus"]
[Black "nathmurr"]
[Result "0-1"]
[WhiteElo "1478"]
[BlackElo "1626"]

1. g3 e5 2. Bg2 Bc5 3. e3 Nf6 4. h3 O-O 5. b3 d5 6. Bb2 Qe7 7. a3 Re8 8. Ne2 e4
9. b4 Bb6 10. Nf4 c6 11. d3 d4 12. Bxd4 Bxd4 13. exd4 exd3+ 14. Kd2 Ne4+ 15.
Bxe4 Qxe4 16. cxd3 Qxd4 17. Nc3 Qxf2+ 18. Nfe2 Qe3+ 19. Kc2 b5 20. h4 Bg4 21.
Re1 Na6 22. Qd2 Nc7 23. Qxe3 Rxe3 24. a4 Rae8 25. Kd2 Nd5 0-1

[Event "AUTO-INT-2844"]
[Site "http://www.queenalice.com/game.php?id=1276244"]
[Date "2014.4.26"]
[Round "1"]
[White "nathmurr"]
[Black "soudeDeus"]
[Result "1-0"]
[WhiteElo "1636"]
[BlackElo "1468"]

1. e4 b6 2. Nc3 Bb7 3. d3 a6 4. Nh3 g6 5. Qf3 f5 6. Ng5 h6 7. Nh3 d6 8. Qe3 e6
9. exf5 gxf5 10. Qxe6+ Qe7 11. Nf4 Nc6 12. Ncd5 Qxe6+ 13. Nxe6 Kf7 14. Nxf8 Kxf8
15. Nxc7 Rc8 16. Ne6+ Kf7 17. Nf4 Nf6 18. g3 Nd4 19. Bg2 Bxg2 20. Nxg2 Nxc2+ 21.
Kd1 Nxa1 22. Be3 Ng4 23. Bxb6 Rb8 24. Bd4 Rhc8 25. h3 Ne5 26. Ne3 Nxd3 27. Kd2
1-0

[Event "AUTO-INT-2845"]
[Site "http://www.queenalice.com/game.php?id=1276476"]
[Date "2014.4.26"]
[Round "1"]
[White "papyrusmoon"]
[Black "soudeDeus"]
[Result "1-0"]
[WhiteElo "1523"]
[BlackElo "1513"]

1. e4 g6 2. d4 Bg7 3. Nf3 b6 4. Bb5 a6 5. Bc4 h6 6. Ne5 Bxe5 7. dxe5 e6 8. O-O
Bb7 9. Nc3 Ne7 10. Bf4 b5 11. Bb3 g5 12. Be3 d6 13. exd6 cxd6 14. Qd4 Rg8 15.
Qf6 Nd7 16. Qxh6 Rc8 17. Bxg5 Nf8 18. a4 bxa4 19. Bxa4+ Bc6 20. Rad1 Bxa4 21.
Nxa4 Rxc2 22. e5 d5 23. Rd4 Qc7 24. Qf6 Rc4 25. Rd3 Rxa4 26. b3 Ra3 27. Rc1 Qb7
28. Rcc3 Nh7 29. Qf4 1-0

[Event "AUTO-INT-2845"]
[Site "http://www.queenalice.com/game.php?id=1276477"]
[Date "2014.4.26"]
[Round "1"]
[White "soudeDeus"]
[Black "papyrusmoon"]
[Result "0-1"]
[WhiteElo "1530"]
[BlackElo "1506"]

1. g3 e5 2. Bg2 d5 3. b3 Nc6 4. a3 Bc5 5. Bb2 Nf6 6. h3 O-O 7. d3 Nd4 8. Bxd4
Bxd4 9. c3 Bc5 10. Nd2 Bf5 11. b4 Bb6 12. Ngf3 c5 13. Nxe5 Qd6 14. f4 cxb4 15.
axb4 d4 16. cxd4 Bxd4 17. Rc1 Qxb4 18. Rc2 Nd5 19. Bxd5 Rad8 20. e4 Qb5 21. Qh5
g6 22. Qh6 Bxe4 23. dxe4 Bxe5 24. fxe5 Qd3 25. Ra2 Qxg3+ 26. Kd1 Qxe5 27. Rxa7
b5 28. Rf1 b4 29. Raxf7 Rxf7 0-1

[Event "AUTO-INT-2845"]
[Site "http://www.queenalice.com/game.php?id=1276490"]
[Date "2014.4.26"]
[Round "1"]
[White "Bryck08"]
[Black "soudeDeus"]
[Result "0-1"]
[WhiteElo "1406"]
[BlackElo "1567"]

1. e4 g6 2. d4 Bg7 3. e5 e6 4. Nf3 h6 5. Nc3 b6 6. Qd3 Bb7 7. Be3 a6 8. Be2 Ne7
9. a3 Nf5 10. O-O d6 11. exd6 cxd6 12. Rfd1 Nd7 13. d5 Bxd5 0-1

[Event "AUTO-INT-2845"]
[Site "http://www.queenalice.com/game.php?id=1276491"]
[Date "2014.4.26"]
[Round "1"]
[White "soudeDeus"]
[Black "Bryck08"]
[Result "1-0"]
[WhiteElo "1556"]
[BlackElo "1427"]

1. g3 e5 2. Bg2 d5 3. b3 c5 4. Bb2 d4 5. d3 Qd6 6. h3 Nc6 7. a3 Nf6 8. Nd2 Be6
9. Nc4 Bxc4 10. dxc4 Be7 11. e3 dxe3 12. Qxd6 exf2+ 13. Kxf2 Bxd6 14. Ne2 1-0

[Event "AUTO-INT-2845"]
[Site "http://www.queenalice.com/game.php?id=1276500"]
[Date "2014.4.26"]
[Round "1"]
[White "soudeDeus"]
[Black "Dcar"]
[Result "0-1"]
[WhiteElo "1577"]
[BlackElo "1831"]

1. g3 Nf6 2. Bg2 g6 3. b3 Bg7 4. Bb2 O-O 5. h3 Nc6 6. a3 d5 7. d3 e6 8. Nc3 a6
9. Nf3 e5 10. Nh4 d4 11. Ne4 Nxe4 12. Bxe4 Ne7 13. Rg1 Bxh3 14. Bxb7 Ra7 15. Bg2
Bxg2 16. Nxg2 c5 17. Rb1 Nd5 18. e3 dxe3 19. fxe3 Ne7 20. d4 exd4 0-1

[Event "AUTO-INT-2845"]
[Site "http://www.queenalice.com/game.php?id=1276501"]
[Date "2014.4.26"]
[Round "1"]
[White "Dcar"]
[Black "soudeDeus"]
[Result "1-0"]
[WhiteElo "1837"]
[BlackElo "1571"]

1. Nf3 g6 2. g3 b6 3. Bg2 Bb7 4. O-O Bg7 5. d4 Na6 6. c3 h6 7. Nbd2 Nf6 8. Nh4
Bxg2 9. Kxg2 Ng4 10. e4 Nf6 11. c4 Rb8 12. a3 Rg8 13. e5 Nh5 14. Ne4 e6 15. Nf3
d5 16. cxd5 exd5 17. Nc3 c6 18. Re1 f6 19. exf6+ Kd7 20. Ne5+ 1-0